| 000 | 01258nam a2200241Ia 4500 | ||
|---|---|---|---|
| 003 | OSt | ||
| 005 | 20240108150826.0 | ||
| 008 | 210210b2006 xxu||||| |||| 00| 0 eng d | ||
| 020 | _a9780143062097 | ||
| 040 | _cAL | ||
| 041 | _aeng | ||
| 082 | _a922 BADS | ||
| 100 |
_aBADRINATH (Chaturvedi) _9126485 |
||
| 245 | _aSwami Vivekananda: the living vedanta | ||
| 260 |
_aHaryana _bPenguin Books _c2006 |
||
| 300 | _axxviii,452 | ||
| 520 | _aSwami Vivekananda: The Living Vedanta The Vedanta was an inseparable part of Swami Vivekanandas personality. He lived and breathed this philosophy while preaching it to India and the west. While Vivekanandas landmark address at the Parliament of Religions in Chicago in 1893 established him as modern Indias great spiritual leader, his popularity and appeal is attributed to his ability to integrate his human side with his profound spiritual side. In this beautifully written biography, Chaturvedi Badrinath liberates Vivekananda from the confines of the worship room and offers an unforgettable insight into the life of a man who was the very embodiment of the Vedanta | ||
| 650 |
_aVivekananda: _9126486 |
||
| 650 |
_avedanta _9126487 |
||
| 690 |
_aBiography _9126488 |
||
| 906 | _a071608 | ||
| 942 |
_2ddc _cBK |
||
| 999 |
_c121412 _d121412 |
||